| 000 | 01238nam a22003257a 4500 | ||
|---|---|---|---|
| 003 | DO-SdBNP | ||
| 005 | 20240405113756.0 | ||
| 008 | 160624b1996 dr ||| 00| 0 spa d | ||
| 020 | _a (Obra completa) | ||
| 040 |
_aBPMSU _bspa _cBPMSU |
||
| 082 |
_aRD868.3 _bD353o 1996 _222 |
||
| 092 |
_a _b |
||
| 100 | 1 |
_aDeligne, Gastón F, _d1861-1913 |
|
| 245 | 1 | 0 |
_aObra completa / _cGastón F. Deligne ; estudio y notas de Abelardo Vicioso ; edición Andrés Blanco Díaz. |
| 260 |
_aSanto Domingo : _bEdiciones de la Fundación Corripio, _c1996 |
||
| 300 |
_av. : _c21 cm. |
||
| 490 | 0 |
_3Biblioteca de clásicos dominicanos, _v25 |
|
| 500 | _3Incluye referencias bibliográficos y notas al pie de las páginas | ||
| 505 | 0 | _gv. 2 : Galaripsos y prosas | |
| 590 | _aInventariado, 2024/VM | ||
| 600 | 1 | 4 |
_aDeligne, Gastón F., _d1861-1913 _xCrítica e interpretación |
| 650 | 4 |
_aLiteratura dominicana _xHistoria y crítica |
|
| 650 | 4 |
_aAutores dominicanos _xEntrevistas |
|
| 651 | 4 |
_aRepública Dominicana _xBiografías |
|
| 651 | 4 |
_aRepública Dominicana _xHistoria |
|
| 700 | 1 |
_aRueda, Manuel, _d1921-1999 _e |
|
| 700 | 1 |
_a Blanco Díaz, Andrés _eed. |
|
| 910 | _aVMateo V. Control de calidad. BPMSU | ||
| 942 |
_2ddc _cBK |
||
| 999 |
_c14616 _d14616 |
||